Top 15 taux de mortalités infantiles les plus élevés 2021 - Statistiques

Statistiques générales
  • Ce quiz a été pris 15 fois
  • Le résultat moyen est 9 sur 15
Statistiques - réponses
Hint Réponse % Correct
99.54 Soudan du Sud
93%
93.05 Guinée
87%
75.70 Guinée équatoriale
80%
88.23 Mali
80%
111.24 Nigeria
80%
78.58 République démocratique du Congo
80%
111.85 Somalie
73%
101.91 République Centrafricaine
60%
106.07 Tchad
60%
75.49 Liberia
53%
83.38 Bénin
47%
82.77 Burkina Faso
40%
75.67 Côte d'Ivoire
40%
99.05 Sierra Leone
40%
87.11 Lesotho
33%
Aucun quiz correspondant
Distribution des résultats
% des personnes avec chaque résultat
Percentile par nombre de réponses
Votre historique - résultats
Vous n’avez pas pris ce quiz